[Event "TUR-chT 1st League"]
[Site "Denizli"]
[Date "2023.07.13"]
[Round "7.53"]
[White "Eldemir, Goksu"]
[Black "Akin, Yagiz Cinar"]
[Result "0-1"]
[WhiteElo "1871"]
[BlackElo "2193"]
[PlyCount "72"]
[EventDate "2023.07.09"]
[EventType "team-swiss"]
[EventRounds "9"]
[EventCountry "TUR"]
[SourceTitle "CBM 215 Extra"]
[Source "ChessBase"]
[SourceDate "2023.09.30"]
[SourceVersion "1"]
[SourceVersionDate "2023.09.30"]
[SourceQuality "1"]
[WhiteTeam "Doktor Metin Surmeli"]
[BlackTeam "Besiktas Jimnastik"]
[WhiteTeamCountry "TUR"]
[BlackTeamCountry "TUR"]

1. e4 e5 2. Nf3 Nc6 3. Bb5 a6 4. Ba4 d6 5. c3 Bd7 6. 0-0 g6 7. d4 Bg7 8. Bg5 Nge7 9. dxe5 dxe5 10. Nbd2 h6 11. Bh4 g5 12. Bg3 Ng6 13. Bxc6 Bxc6 14. Nc4 Qe7 15. Nfd2 Rd8 16. Qc2 0-0 17. Ne3 Qd7 18. Nb3 h5 19. Rad1 Qe6 20. f3 b6 21. Rxd8 Rxd8 22. Rd1 Re8 23. Qe2 h4 24. Bf2 Nf4 25. Qc4 Qxc4 26. Nxc4 f5 27. exf5 e4 28. fxe4 Bxe4 29. Ne3 h3 30. g3 Nd3 31. Rd2 Ne5 32. Rd1 Nf3+ 33. Kh1 g4 34. Nxg4 Ne5+ 35. Kg1 Nxg4 36. Rd7 Bxf5 0-1

[Event "EU-ch U16 30th"]
[Site "Antalya"]
[Date "2022.11.12"]
[Round "7"]
[White "Ozen, Metehan"]
[Black "Akin, Yagiz Cinar"]
[Result "1/2-1/2"]
[WhiteElo "1794"]
[BlackElo "2205"]
[PlyCount "41"]
[EventDate "2022.11.06"]
[EventType "swiss"]
[EventRounds "9"]
[EventCountry "TUR"]
[SourceTitle "EXT 2024"]
[Source "ChessBase"]
[SourceDate "2023.10.10"]
[SourceVersion "1"]
[SourceVersionDate "2023.10.10"]
[SourceQuality "1"]

1. e4 e6 2. d4 d5 3. e5 c5 4. c3 Qb6 5. Nf3 Nc6 6. a3 Nh6 7. b4 cxd4 8. cxd4 Nf5 9. Be3 Be7 10. Bd3 Nxe3 11. fxe3 0-0 12. Qc2 h6 13. 0-0 f5 14. exf6 Bxf6 15. Nc3 Bd7 16. Qd2 Ne7 17. Ne2 Qd6 18. Nf4 Be8 19. Bc2 Bb5 20. Bd3 Be8 21. Bc2 1/2-1/2

[Event "EU-ch U16 30th"]
[Site "Antalya"]
[Date "2022.11.08"]
[Round "3"]
[White "Khubukshanov, Erdem"]
[Black "Akin, Yagiz Cinar"]
[Result "1/2-1/2"]
[WhiteElo "2371"]
[BlackElo "2205"]
[PlyCount "92"]
[EventDate "2022.11.06"]
[EventType "swiss"]
[EventRounds "9"]
[EventCountry "TUR"]
[SourceTitle "CBM 211 Extra"]
[Source "ChessBase"]
[SourceDate "2023.01.31"]
[SourceVersion "1"]
[SourceVersionDate "2023.01.31"]
[SourceQuality "1"]

1. e4 e5 2. Nf3 Nc6 3. Bc4 Bc5 4. 0-0 Nf6 5. d3 d6 6. c3 a6 7. a4 Ba7 8. Re1 0-0 9. h3 Ne7 10. d4 Ng6 11. Nbd2 c6 12. Bb3 Re8 13. Bc2 Bb8 14. dxe5 Nxe5 15. Nxe5 dxe5 16. Nc4 Qxd1 17. Rxd1 Bc7 18. Be3 Be6 19. Nd6 Reb8 20. Bc5 b6 21. Be3 g6 22. f4 exf4 23. Bxf4 Rd8 24. Kf2 Bxd6 25. Bxd6 Bb3 26. Bxb3 Nxe4+ 27. Kf3 Nxd6 28. Rd3 Nb7 29. Re3 Nc5 30. Bd1 a5 31. Ke2 Rd6 32. b4 axb4 33. cxb4 Ne6 34. Kf1 c5 35. Re4 Rad8 36. Be2 cxb4 37. Rxb4 Nd4 38. Ra2 Rf6+ 39. Kg1 Nxe2+ 40. Rxe2 Rd1+ 41. Kh2 h5 42. Reb2 Rdd6 43. Kg3 Kg7 44. Rb5 Rd3+ 45. Kh2 Rdd6 46. Kg3 Rd3+ 1/2-1/2

[Event "World ol U16"]
[Site "Nakhchivan"]
[Date "2022.10.09"]
[Round "8.6"]
[White "Israilov, Agil"]
[Black "Akin, Yagiz Cinar"]
[Result "1/2-1/2"]
[WhiteElo "1883"]
[BlackElo "2249"]
[PlyCount "71"]
[EventDate "2022.10.02"]
[EventType "team-swiss"]
[EventRounds "9"]
[EventCountry "AZE"]
[SourceTitle "CBM 210 Extra"]
[Source "ChessBase"]
[SourceDate "2022.11.30"]
[SourceVersion "1"]
[SourceVersionDate "2022.11.30"]
[SourceQuality "1"]
[WhiteTeam "Azerbaijan IV"]
[BlackTeam "Turkey Anatolia"]
[WhiteTeamCountry "AZE"]
[BlackTeamCountry "TUR"]

1. e4 e5 2. Nf3 Nc6 3. Bb5 a6 4. Ba4 Nf6 5. 0-0 Nxe4 6. Re1 Nc5 7. Bxc6 dxc6 8. Nxe5 Be7 9. d4 Ne6 10. c3 0-0 11. Na3 Re8 12. Nc2 Nf8 13. Bf4 Be6 14. Qf3 f6 15. Nd3 Bd6 16. Ne3 Ng6 17. Bxd6 cxd6 18. Nf4 Nxf4 19. Qxf4 Qd7 20. Re2 Bf7 21. Rae1 Bg6 22. Qg3 d5 23. Ng4 Rxe2 24. Rxe2 Kf8 25. Qf4 Kg8 26. h3 Bh5 27. Qg3 Bxg4 28. Qxg4 Qxg4 29. hxg4 Kf7 30. f3 a5 31. Kf2 b5 32. a3 a4 33. Re3 Rh8 34. Re2 Rd8 35. Re3 Rh8 36. Re2 1/2-1/2

[Event "World ol U16"]
[Site "Nakhchivan"]
[Date "2022.10.08"]
[Round "7.5"]
[White "Zhakshylykov, Erzhan"]
[Black "Akin, Yagiz Cinar"]
[Result "1-0"]
[WhiteElo "2293"]
[BlackElo "2249"]
[PlyCount "77"]
[EventDate "2022.10.02"]
[EventType "team-swiss"]
[EventRounds "9"]
[EventCountry "AZE"]
[SourceTitle "CBM 210 Extra"]
[Source "ChessBase"]
[SourceDate "2022.11.30"]
[SourceVersion "1"]
[SourceVersionDate "2022.11.30"]
[SourceQuality "1"]
[WhiteTeam "Kyrgyzstan"]
[BlackTeam "Turkey Anatolia"]
[WhiteTeamCountry "KGZ"]
[BlackTeamCountry "TUR"]

1. d4 Nf6 2. c4 g6 3. Nf3 Bg7 4. g3 d6 5. Bg2 0-0 6. 0-0 c6 7. Nc3 Qb6 8. c5 dxc5 9. Na4 Qa5 10. Nxc5 Nbd7 11. Nd3 Ne4 12. Nfe5 Nd6 13. Bf4 Nb5 14. Nxd7 Bxd7 15. e3 Rad8 16. a4 Nd6 17. Nc5 Bc8 18. Qc2 Rfe8 19. Rfd1 Qc7 20. Rac1 e5 21. Bg5 f6 22. dxe5 fxg5 23. exd6 Rxd6 24. Rxd6 Qxd6 25. Nxb7 Qb4 26. Qxc6 Rf8 27. Nd6 Qxb2 28. Nxc8 Qxf2+ 29. Kh1 Qxe3 30. Rd1 Qe2 31. Qd5+ Kh8 32. Nd6 h6 33. Qd3 Qe6 34. Ne4 Kh7 35. h3 g4 36. Qd7 Qb3 37. Qxg4 Qc2 38. Rd7 h5 39. Qd1 1-0

[Event "Paracin op-A 15th"]
[Site "Paracin"]
[Date "2022.07.09"]
[Round "2"]
[White "Shahil, Dey"]
[Black "Akin, Yagiz Cinar"]
[Result "1-0"]
[WhiteElo "2402"]
[BlackElo "2125"]
[PlyCount "57"]
[EventDate "2022.07.08"]
[EventType "swiss"]
[EventRounds "9"]
[EventCountry "SRB"]
[SourceTitle "EXT 2023"]
[Source "ChessBase"]
[SourceDate "2022.10.05"]
[SourceVersion "1"]
[SourceVersionDate "2022.10.05"]
[SourceQuality "1"]

1. e4 e5 2. Nf3 Nc6 3. Bc4 Bc5 4. 0-0 Nf6 5. d3 d6 6. c3 0-0 7. Bg5 h6 8. Bh4 Be6 9. Nbd2 a5 10. Bb5 g5 11. Bg3 g4 12. Nh4 Ne7 13. Bc4 Qd7 14. Kh1 Nh5 15. Bxe6 Qxe6 16. f4 Nxg3+ 17. hxg3 h5 18. Nb3 Bb6 19. d4 a4 20. fxe5 dxe5 21. Qd2 f6 22. Qh6 Rf7 23. d5 Qd6 24. Nd2 f5 25. Qxd6 cxd6 26. Nxf5 Nxf5 27. Rxf5 Rh7 28. Raf1 Bc5 29. Kh2 1-0

[Event "Mersin op 5th"]
[Site "Mersin"]
[Date "2021.11.18"]
[Round "4"]
[White "Krishna, C Revanth Gopala"]
[Black "Akin, Yagiz Cinar"]
[Result "1-0"]
[WhiteElo "2479"]
[BlackElo "2166"]
[PlyCount "168"]
[EventDate "2021.11.16"]
[EventType "swiss"]
[EventRounds "9"]
[EventCountry "TUR"]
[SourceTitle "CBM 205 Extra"]
[Source "ChessBase"]
[SourceDate "2022.01.31"]
[SourceVersion "1"]
[SourceVersionDate "2022.01.31"]
[SourceQuality "1"]

1. d4 d5 2. c4 e6 3. Nf3 Nf6 4. g3 Be7 5. Bg2 0-0 6. 0-0 dxc4 7. Qc2 a6 8. a4 Bd7 9. Qxc4 Bc6 10. Bf4 Bd6 11. Bg5 Bd5 12. Qc2 Be4 13. Qd1 Bb4 14. Nc3 Bxc3 15. bxc3 Nc6 16. Bxf6 Qxf6 17. Qb3 Rab8 18. Nd2 Bxg2 19. Kxg2 Qg5 20. Ne4 Qd5 21. Qxd5 exd5 22. Nc5 Rfe8 23. e3 a5 24. Rfc1 b6 25. Nd3 Ne7 26. Rab1 f6 27. c4 dxc4 28. Rxc4 c6 29. h4 Red8 30. Nf4 Kf7 31. Rc3 Rd7 32. Rcb3 Rdb7 33. Nd3 Nc8 34. Nc5 Re7 35. R3b2 Ra8 36. Nd3 Raa7 37. Rb3 Rec7 38. Rc3 Ra6 39. Kf3 Nd6 40. Rbc1 b5 41. axb5 Nxb5 42. Rc5 Rd7 43. Ra1 Raa7 44. Ra4 Rdb7 45. Rxc6 Nc7 46. Rc5 Rb5 47. Rac4 Rxc5 48. Nxc5 Nd5 49. Na4 f5 50. Rc5 Ke6 51. Ke2 Kd6 52. Kd3 g6 53. Kc4 Nf6 54. Nc3 Ra8 55. Nb5+ Kd7 56. Rc7+ Ke6 57. d5+ Nxd5 58. Rc6+ Ke5 59. Nd4 Nxe3+ 60. fxe3 Re8 61. Kd3 Ra8 62. h5 a4 63. hxg6 hxg6 64. Rxg6 a3 65. Re6+ Kd5 66. Rf6 a2 67. Rxf5+ Kd6 68. Nc2 a1Q 69. Nxa1 Rxa1 70. Ke2 Ke6 71. Rf4 Ke5 72. g4 Rh1 73. Kf2 Rh2+ 74. Kg3 Rh1 75. g5 Rg1+ 76. Kh4 Rh1+ 77. Kg4 Re1 78. g6 Ke6 79. Rf3 Rg1+ 80. Kh5 Rh1+ 81. Kg5 Rg1+ 82. Kh6 Rh1+ 83. Kg7 Rg1 84. Kh7 Kd5 1-0

[Event "Veliko Gradiste Silver Lake op-A"]
[Site "Veliko Gradiste"]
[Date "2021.06.26"]
[Round "5"]
[White "Zhukenov, Aituar"]
[Black "Akin, Yagiz Cinar"]
[Result "1/2-1/2"]
[WhiteElo "2241"]
[BlackElo "1815"]
[PlyCount "46"]
[EventDate "2021.06.23"]
[EventType "swiss"]
[EventRounds "9"]
[EventCountry "SRB"]
[SourceTitle "EXT 2022"]
[Source "ChessBase"]
[SourceDate "2021.10.06"]
[SourceVersion "1"]
[SourceVersionDate "2021.10.06"]
[SourceQuality "1"]

1. c4 e6 2. Nf3 Nf6 3. g3 d5 4. Bg2 Be7 5. 0-0 0-0 6. b3 c5 7. cxd5 exd5 8. d4 Nc6 9. Bb2 Bg4 10. Nc3 Bxf3 11. Bxf3 Nxd4 12. Bg2 Rb8 13. e3 Nc6 14. Nxd5 Nxd5 15. Qxd5 Qxd5 16. Bxd5 Nb4 17. Bf3 b5 18. Be2 a6 19. Rfd1 Rbd8 20. a3 Nc6 21. Bc3 Rxd1+ 22. Rxd1 Rd8 23. Rc1 c4 1/2-1/2

[Event "Veliko Gradiste Silver Lake op-A"]
[Site "Veliko Gradiste"]
[Date "2021.06.24"]
[Round "3"]
[White "Akin, Yagiz Cinar"]
[Black "Pajcin, Lav"]
[Result "1-0"]
[WhiteElo "1815"]
[BlackElo "2187"]
[PlyCount "61"]
[EventDate "2021.06.23"]
[EventType "swiss"]
[EventRounds "9"]
[EventCountry "SRB"]
[SourceTitle "EXT 2022"]
[Source "ChessBase"]
[SourceDate "2021.10.06"]
[SourceVersion "1"]
[SourceVersionDate "2021.10.06"]
[SourceQuality "1"]

1. d4 Nf6 2. c4 c5 3. d5 b5 4. cxb5 a6 5. b6 Qxb6 6. Nf3 g6 7. Nc3 Bg7 8. e4 d6 9. Nd2 0-0 10. Be2 Ne8 11. a4 e5 12. Nc4 Qc7 13. a5 Nd7 14. 0-0 f5 15. f3 Bf6 16. Bh6 Ng7 17. exf5 gxf5 18. Bd3 Bb7 19. Qc2 e4 20. fxe4 Bd4+ 21. Kh1 Nf6 22. exf5 Nxd5 23. Nxd5 Bxd5 24. Nb6 Bc6 25. Nxa8 Bxa8 26. f6 Bxf6 27. Bxh7+ Kh8 28. Rf2 Rf7 29. Qg6 Qe7 30. Rff1 Qe6 31. Rxf6 1-0

[Event "Veliko Gradiste Silver Lake op-A"]
[Site "Veliko Gradiste"]
[Date "2021.06.23"]
[Round "1"]
[White "Akin, Yagiz Cinar"]
[Black "Mijatovic, Dusan"]
[Result "1-0"]
[WhiteElo "1815"]
[BlackElo "2202"]
[PlyCount "89"]
[EventDate "2021.06.23"]
[EventType "swiss"]
[EventRounds "9"]
[EventCountry "SRB"]
[SourceTitle "CBM 203 Extra"]
[Source "ChessBase"]
[SourceDate "2021.09.30"]
[SourceVersion "1"]
[SourceVersionDate "2021.09.30"]
[SourceQuality "1"]

1. d4 Nf6 2. c4 e6 3. Nc3 Bb4 4. Nf3 c5 5. g3 Nc6 6. Bg2 Ne4 7. Bd2 Bxc3 8. Bxc3 d5 9. 0-0 0-0 10. dxc5 dxc4 11. Nd4 Nxc5 12. Nxc6 bxc6 13. Qd4 Qxd4 14. Bxd4 Nd7 15. Bxc6 Rb8 16. Rfd1 Nb6 17. Be5 Ba6 18. Bxb8 Rxb8 19. b4 Kf8 20. b5 Bb7 21. Bxb7 Rxb7 22. a4 Rc7 23. Rdc1 Nd5 24. Rab1 Ke7 25. e4 Nf6 26. f3 Nd7 27. a5 Kd6 28. b6 axb6 29. axb6 Rb7 30. Rxc4 Rxb6 31. Rd1+ Ke7 32. Rc7 Rd6 33. Rxd6 Kxd6 34. Ra7 e5 35. Kf2 Ke6 36. Ra6+ Ke7 37. Ke3 Nf6 38. Kd3 g6 39. Kc4 Ne8 40. Ra7+ Ke6 41. Kc5 h6 42. Kc6 h5 43. Ra8 Nf6 44. Kc7 g5 45. Kd8 1-0

[Event "EU-ch Online U14"]
[Site "Tornelo INT"]
[Date "2020.09.20"]
[Round "7"]
[White "Akin, Yagiz Cinar"]
[Black "Briem, Benedikt"]
[Result "1-0"]
[WhiteElo "1733"]
[BlackElo "1499"]
[PlyCount "83"]
[EventDate "2020.09.18"]
[EventType "swiss (rapid)"]
[EventRounds "9"]
[EventCountry "NET"]
[SourceTitle "EXT 2023"]
[Source "ChessBase"]
[SourceDate "2022.10.05"]
[SourceVersion "1"]
[SourceVersionDate "2022.10.05"]
[SourceQuality "1"]
[WhiteTeam "Turkey"]
[BlackTeam "Island"]
[WhiteTeamCountry "TUR"]
[BlackTeamCountry "ISL"]

1. d4 Nf6 2. c4 e6 3. Nc3 Bb4 4. Qc2 0-0 5. Bg5 d5 6. Nf3 Nbd7 7. e3 c6 8. Bd3 h6 9. Bh4 a5 10. 0-0 Bd6 11. e4 dxc4 12. Bxc4 e5 13. Rad1 Qe7 14. Bb3 Re8 15. dxe5 Nxe5 16. Nxe5 Bxe5 17. f4 Bxc3 18. Qxc3 Nxe4 19. Bxe7 Nxc3 20. bxc3 Rxe7 21. Rd8+ Kh7 22. Bc2+ g6 23. f5 Bxf5 24. Rxa8 Bxc2 25. Rxa5 Bd3 26. Rd1 Bc4 27. Rd4 b5 28. Rd2 Re3 29. Rc2 Bd5 30. Kf2 Re7 31. Re2 Rxe2+ 32. Kxe2 Bxg2 33. c4 bxc4 34. Rc5 Bd5 35. a4 f5 36. a5 f4 37. a6 c3 38. a7 f3+ 39. Kf2 c2 40. a8Q c1Q 41. Rxc1 c5 42. Qxd5 1-0

[Event "EU-ch Online U14"]
[Site "Tornelo INT"]
[Date "2020.09.19"]
[Round "6"]
[White "Laux, Dominik"]
[Black "Akin, Yagiz Cinar"]
[Result "1-0"]
[WhiteElo "2009"]
[BlackElo "1733"]
[PlyCount "65"]
[EventDate "2020.09.18"]
[EventType "swiss (rapid)"]
[EventRounds "9"]
[EventCountry "NET"]
[SourceTitle "EXT 2023"]
[Source "ChessBase"]
[SourceDate "2022.10.05"]
[SourceVersion "1"]
[SourceVersionDate "2022.10.05"]
[SourceQuality "1"]
[WhiteTeam "Germany"]
[BlackTeam "Turkey"]
[WhiteTeamCountry "GER"]
[BlackTeamCountry "TUR"]

1. d4 g6 2. Nc3 Bg7 3. e4 d6 4. Bf4 a6 5. Nf3 Nd7 6. Qd2 b5 7. a3 Bb7 8. Bd3 e6 9. 0-0 h6 10. h3 Ne7 11. Rfe1 Nb6 12. Rad1 g5 13. Bh2 0-0 14. e5 Nc4 15. Bxc4 bxc4 16. exd6 cxd6 17. Ne4 Bxe4 18. Rxe4 Nd5 19. Rde1 Qb6 20. h4 Nf6 21. hxg5 Nxe4 22. Rxe4 h5 23. Rh4 Qxb2 24. Bxd6 Rfd8 25. Be5 Qxa3 26. Bxg7 Kxg7 27. Qf4 Qe7 28. Rxh5 Rg8 29. Ne5 Rh8 30. Nc6 Rxh5 31. Nxe7 Ra7 32. Qf6+ Kf8 33. g6 1-0

[Event "Ankara Ipek Memorial 8th"]
[Site "Ankara"]
[Date "2020.03.07"]
[Round "4"]
[White "Akin, Yagiz Cinar"]
[Black "Banci, Dogancan"]
[Result "1-0"]
[WhiteElo "1861"]
[BlackElo "1634"]
[PlyCount "51"]
[EventDate "2020.03.04"]
[EventType "swiss"]
[EventRounds "7"]
[EventCountry "TUR"]
[SourceTitle "CBM 195 Extra"]
[Source "ChessBase"]
[SourceDate "2020.05.31"]
[SourceVersion "1"]
[SourceVersionDate "2020.05.31"]
[SourceQuality "1"]

1. e4 c5 2. Nf3 d6 3. d4 cxd4 4. Nxd4 Nf6 5. f3 e5 6. Bb5+ Bd7 7. Bxd7+ Nbxd7 8. Nf5 Nb6 9. c4 h6 10. Nc3 Qd7 11. Ne3 Be7 12. 0-0 0-0 13. b3 Rac8 14. Ba3 Rfd8 15. Nf5 a6 16. Qd2 Bf8 17. Rad1 Rc6 18. Qf2 Qc7 19. Bc1 Nbd7 20. Nd5 Nxd5 21. exd5 Rb6 22. Bd2 Qc5 23. Be3 Qa5 24. Bxb6 Nxb6 25. b4 Qxb4 26. Rb1 1-0

[Event "TUR-ch U13-U18"]
[Site "Antalya"]
[Date "2020.01.20"]
[Round "3"]
[White "Anacak, Hasan Gunes"]
[Black "Akin, Yagiz Cinar"]
[Result "0-1"]
[WhiteElo "1677"]
[BlackElo "1836"]
[PlyCount "76"]
[EventDate "2020.01.19"]
[EventType "swiss"]
[EventRounds "11"]
[EventCountry "TUR"]
[SourceTitle "CBM 195 Extra"]
[Source "ChessBase"]
[SourceDate "2020.05.31"]
[SourceVersion "1"]
[SourceVersionDate "2020.05.31"]
[SourceQuality "1"]

1. e4 g6 2. d4 Bg7 3. Nc3 d6 4. f4 Nf6 5. Nf3 0-0 6. Bd3 Nc6 7. Qe2 Bg4 8. Be3 e5 9. fxe5 dxe5 10. d5 Ne7 11. h3 Bxf3 12. Qxf3 Ne8 13. g4 Nd6 14. Nb5 Nxb5 15. Bxb5 c6 16. Bc4 cxd5 17. exd5 b5 18. Bb3 a5 19. Rd1 a4 20. d6 axb3 21. dxe7 Qxe7 22. axb3 Rac8 23. Qe2 Qb4+ 24. Kf2 f5 25. gxf5 Qh4+ 26. Kg2 Qe4+ 27. Kh2 Rxc2 28. Rd2 Rxd2 29. Qxd2 Rxf5 30. Rc1 h5 31. Rc7 Rf1 32. Bg1 Qf4+ 33. Qxf4 exf4 34. Rc8+ Kh7 35. Rc7 Kh6 36. Kg2 Rb1 37. h4 f3+ 38. Kxf3 Rxg1 0-1

[Event "TUR-ch U13-U18"]
[Site "Antalya"]
[Date "2020.01.19"]
[Round "1"]
[White "Zengin, Muhammet Arda"]
[Black "Akin, Yagiz Cinar"]
[Result "0-1"]
[WhiteElo "1097"]
[BlackElo "1836"]
[PlyCount "100"]
[EventDate "2020.01.19"]
[EventType "swiss"]
[EventRounds "11"]
[EventCountry "TUR"]
[SourceTitle "CBM 195 Extra"]
[Source "ChessBase"]
[SourceDate "2020.05.31"]
[SourceVersion "1"]
[SourceVersionDate "2020.05.31"]
[SourceQuality "1"]

1. e4 g6 2. d4 Bg7 3. Nf3 d6 4. h3 Nf6 5. Bd3 0-0 6. 0-0 c5 7. c3 cxd4 8. cxd4 Nc6 9. Be3 e5 10. d5 Nb4 11. Nc3 Nxd3 12. Qxd3 Ne8 13. Nd2 f5 14. f3 f4 15. Bf2 g5 16. Rac1 h5 17. Kh2 g4 18. fxg4 hxg4 19. Be1 g3+ 20. Kh1 Rf6 21. Nf3 Rh6 22. Ne2 Nf6 23. Bd2 Rh5 24. Qc4 Ng4 25. Qc7 Nf2+ 26. Kg1 Qxc7 27. Rxc7 Nxe4 28. Bb4 b6 29. Rc4 Nc5 30. Ba3 Ba6 31. Rc2 Bxe2 32. Rxe2 e4 33. Nd2 Bd4+ 34. Kh1 f3 35. gxf3 Rxh3+ 36. Kg2 Rh2+ 37. Kxg3 Rxe2 38. Nxe4 Nxe4+ 39. fxe4 Bc5 40. b4 Re3+ 41. Kh2 Rxa3 42. bxc5 Rxa2+ 43. Kh3 bxc5 44. Rf6 Rd8 45. Rg6+ Kf7 46. Re6 c4 47. e5 dxe5 48. Rxe5 c3 49. Rf5+ Kg6 50. Kg4 Rg2+ 0-1

[Event "World School-ch U13"]
[Site "Antalya"]
[Date "2019.04.26"]
[Round "9"]
[White "Akin, Yagiz Cinar"]
[Black "Ozkan, Taha"]
[Result "1-0"]
[WhiteElo "1959"]
[BlackElo "2064"]
[PlyCount "143"]
[EventDate "2019.04.18"]
[EventType "swiss"]
[EventRounds "9"]
[EventCountry "TUR"]
[SourceTitle "CBM 190 Extra"]
[Source "ChessBase"]
[SourceDate "2019.07.15"]
[SourceVersion "1"]
[SourceVersionDate "2019.07.15"]
[SourceQuality "1"]

1. Nf3 d5 2. g3 c6 3. Bg2 Nd7 4. d4 e6 5. 0-0 f5 6. c4 Ngf6 7. Ng5 Qe7 8. b3 Ne4 9. Nxe4 dxe4 10. f3 exf3 11. exf3 Qf7 12. f4 Be7 13. Bb2 0-0 14. Nd2 Re8 15. Nf3 Bf6 16. Ne5 Nxe5 17. fxe5 Be7 18. Qe2 Rd8 19. Rad1 Bd7 20. Kh1 Rab8 21. g4 f4 22. Rd3 h6 23. Qd2 g5 24. Re1 b6 25. d5 cxd5 26. cxd5 Rdc8 27. d6 Bd8 28. Rc1 Bb5 29. Rxc8 Rxc8 30. Rc3 Rxc3 31. Qxc3 Bd7 32. Qf3 Qh7 33. Qe4 Qxe4 34. Bxe4 Kf7 35. Kg2 a5 36. Bd4 Bb5 37. Kf2 Ke8 38. a4 Bd7 39. Bd3 Kf7 40. Bb5 Bc8 41. Bc6 Ba6 42. Bc3 Bd3 43. b4 Bc4 44. Bb5 Bb3 45. Ke1 Bc2 46. bxa5 bxa5 47. Bd4 Be4 48. Ba7 Bb7 49. h3 Bc8 50. Kd2 Bb7 51. Kc3 Bg2 52. Bb8 f3 53. Bc7 Be7 54. dxe7 Kxe7 55. Bb6 Bxh3 56. Bc6 Bxg4 57. Kd3 Bf5+ 58. Ke3 g4 59. Bxa5 h5 60. Bb4+ Kd8 61. Bd6 h4 62. a5 f2 63. Kxf2 Bd3 64. Bb7 g3+ 65. Kg2 Kd7 66. a6 Bxa6 67. Bxa6 Kc6 68. Bc8 Kd5 69. Kh3 Ke4 70. Bxe6 Kf3 71. Bd5+ Kf2 72. e6 1-0

[Event "World School-ch U13"]
[Site "Antalya"]
[Date "2019.04.19"]
[Round "2"]
[White "Caliskan, Seha"]
[Black "Akin, Yagiz Cinar"]
[Result "1/2-1/2"]
[WhiteElo "1802"]
[BlackElo "1959"]
[PlyCount "83"]
[EventDate "2019.04.18"]
[EventType "swiss"]
[EventRounds "9"]
[EventCountry "TUR"]
[SourceTitle "CBM 190 Extra"]
[Source "ChessBase"]
[SourceDate "2019.07.15"]
[SourceVersion "1"]
[SourceVersionDate "2019.07.15"]
[SourceQuality "1"]

1. d4 g6 2. Nf3 Bg7 3. c4 d6 4. Nc3 Nd7 5. e4 c5 6. Be2 cxd4 7. Nxd4 Ngf6 8. Be3 0-0 9. 0-0 Nc5 10. f3 Ne8 11. Qd2 a6 12. b4 Ne6 13. Rac1 Nxd4 14. Bxd4 Bxd4+ 15. Qxd4 e5 16. Qe3 Ng7 17. Rfd1 Ne6 18. c5 Nd4 19. Bc4 dxc5 20. bxc5 Qa5 21. Nd5 Qxc5 22. f4 Ne6 23. Qxc5 Nxc5 24. Nb6 Rb8 25. Bd5 Bg4 26. Rd2 Nd7 27. Nxd7 Bxd7 28. Rc7 Bc6 29. fxe5 Rbe8 30. e6 Bxd5 31. exd5 fxe6 32. d6 Rd8 33. d7 b5 34. Rc6 Kf7 35. Rdd6 a5 36. Rb6 b4 37. Ra6 h5 38. Rxe6 Rxd7 39. Rf6+ Kg7 40. Rxg6+ Kh7 41. Rh6+ Kg7 42. Rhg6+ 1/2-1/2

[Event "Istanbul op-A"]
[Site "Istanbul"]
[Date "2018.09.04"]
[Round "4"]
[White "Akin, Yagiz Cinar"]
[Black "Emir, Emirhan"]
[Result "1/2-1/2"]
[WhiteElo "1963"]
[BlackElo "1852"]
[PlyCount "97"]
[EventDate "2018.09.02"]
[EventType "swiss"]
[EventRounds "9"]
[EventCountry "TUR"]
[SourceTitle "CBM 186 Extra"]
[Source "ChessBase"]
[SourceDate "2018.08.24"]
[SourceVersion "1"]
[SourceVersionDate "2018.08.24"]
[SourceQuality "1"]

1. e4 e6 2. d4 d5 3. Nd2 c5 4. c3 cxd4 5. cxd4 dxe4 6. Nxe4 Bb4+ 7. Nc3 Bd7 8. Nf3 Nf6 9. a3 Be7 10. Bd3 Bc6 11. 0-0 0-0 12. Ne5 Nbd7 13. Nxc6 bxc6 14. Bf4 Nb6 15. Re1 Nbd5 16. Nxd5 Qxd5 17. Be5 Rad8 18. Re3 g6 19. Rh3 c5 20. Qc1 cxd4 21. Bxf6 Bxf6 22. Qh6 Rfe8 23. Qxh7+ Kf8 24. Rf3 Qe5 25. Kf1 Ke7 26. Bxg6 Rf8 27. Re1 Qg5 28. Rg3 Qd2 29. Rb3 Rd7 30. h3 Qg5 31. Bd3 Qd5 32. Rb5 Qd6 33. g3 Qc6 34. Qe4 Qc7 35. Rf5 Rh8 36. Qf3 Rh6 37. g4 Qh2 38. g5 Rxh3 39. gxf6+ Kd6 40. Qf4+ Qxf4 41. Rxf4 Rxd3 42. Ke2 Ke5 43. Kxd3+ Kxf4 44. Re4+ Kf3 45. Rxd4 Rb7 46. b4 e5 47. Rd5 Kf4 48. f3 Rb6 49. Ke2 1/2-1/2

[Event "Veliko Gradiste Silver Lake op"]
[Site "Veliko Gradiste"]
[Date "2018.06.23"]
[Round "8"]
[White "Damjanovic, Vuk"]
[Black "Akin, Yagiz Cinar"]
[Result "1/2-1/2"]
[WhiteElo "1991"]
[BlackElo "2005"]
[PlyCount "64"]
[EventDate "2018.06.17"]
[EventType "swiss"]
[EventRounds "9"]
[EventCountry "SRB"]
[SourceTitle "CBM 185 Extra"]
[Source "ChessBase"]
[SourceDate "2018.07.29"]
[SourceVersion "1"]
[SourceVersionDate "2018.07.29"]
[SourceQuality "1"]

1. d4 g6 2. c4 Bg7 3. Nc3 d6 4. e4 e5 5. d5 Nd7 6. Be2 Ne7 7. Nf3 h6 8. h4 f5 9. h5 g5 10. exf5 Nxf5 11. Nd2 Nc5 12. Nde4 Nxe4 13. Nxe4 Nd4 14. Be3 Nxe2 15. Qxe2 Bf5 16. f3 0-0 17. 0-0-0 a5 18. Kb1 a4 19. g4 Bh7 20. Rhf1 a3 21. b3 c6 22. c5 Kh8 23. Qc4 b5 24. Qe2 cxd5 25. Rxd5 Qa5 26. Rxd6 Rxf3 27. Qxf3 Rf8 28. Qxf8+ Bxf8 29. Rxf8+ Kg7 30. Bd2 Bxe4+ 31. Ka1 Qc7 32. Rfd8 Qxc5 1/2-1/2

[Event "Veliko Gradiste Silver Lake op"]
[Site "Veliko Gradiste"]
[Date "2018.06.22"]
[Round "7"]
[White "Akin, Yagiz Cinar"]
[Black "Dhruv, Easwar"]
[Result "1-0"]
[WhiteElo "2005"]
[BlackElo "1953"]
[PlyCount "31"]
[EventDate "2018.06.17"]
[EventType "swiss"]
[EventRounds "9"]
[EventCountry "SRB"]
[SourceTitle "CBM 185 Extra"]
[Source "ChessBase"]
[SourceDate "2018.07.29"]
[SourceVersion "1"]
[SourceVersionDate "2018.07.29"]
[SourceQuality "1"]

1. e4 c6 2. d4 d5 3. e5 Bf5 4. Nf3 e6 5. Be2 c5 6. Be3 cxd4 7. Nxd4 Bg6 8. c4 Ne7 9. Qb3 Nbc6 10. Qxb7 Nxe5 11. cxd5 Nd3+ 12. Bxd3 Bxd3 13. d6 Qa5+ 14. Nc3 Kd8 15. dxe7+ Bxe7 16. Nc6+ 1-0